Capital City Club to Country: Europe Edition - Statistics

General Stats
  • This quiz has been taken 33 times
  • The average score is 39 of 55
Answer Stats
Picture Answer % Correct
Netherlands
97%
Ireland
94%
England
90%
Belgium
87%
Denmark
87%
France
87%
Israel
87%
Italy
87%
San Marino
87%
Slovakia
87%
Wales
87%
Croatia
81%
Gibraltar
81%
Spain
81%
Turkey
81%
Albania
77%
Bulgaria
77%
Georgia
77%
Germany
77%
Greece
77%
Latvia
77%
Malta
77%
Portugal
77%
Armenia
74%
Austria
74%
Kazakhstan
74%
Slovenia
74%
Ukraine
74%
Hungary
71%
Kosovo
71%
Sweden
71%
Switzerland
71%
Belarus
68%
Lithuania
68%
Luxembourg
68%
Serbia
68%
Andorra
65%
Bosnia and Herzegovina
65%
Cyprus
65%
Poland
65%
Scotland
65%
Czechia
61%
Finland
61%
Russia
58%
Liechtenstein
55%
Moldova
55%
Montenegro
55%
Norway
55%
Romania
55%
Iceland
52%
North Macedonia
52%
Estonia
48%
Faroe Islands
48%
Northern Ireland
45%
Azerbaijan
39%
No matching quizzes found
Score Distribution
Percent of People with Each Score
Percentile by Number Answered
Your Score History
You have not taken this quiz